000 00560nam a22001937a 4500
003 KOHA_MİRAKIL
005 20251224141756.0
008 251224b tu ||||| |||| 00| 0 tur d
020 _a978.625.8352.06.1
040 _aTR-AnABB
_btur
_cTR-AnABB
041 _atur
082 _a370.9561015
_bEKM 2022
100 1 _aİhsanoğlu, Ekmeleddin,
245 1 0 _aKevakib-i seb’a /
_cEkmeleddin İhsanoğlu
260 _aAnkara :
_bTürkiye Bilimler Akademisi,
_c2022
300 _a471 sayfa ;
_c24 cm
650 0 4 _aOsmanlı Devleti
942 _2ddc
_cBK
999 _c9927
_d9927
900 _bGizem YORULMAZ